Estadísticas para Ciudades de EE. UU. con el Mayor Número de Turistas Internacionales

Haz click aquí para tomar la prueba!

Estadísticas generales

  • Esta prueba ha sido tomada 1.607 veces
  • La puntuación promedio es 6 de 8

Estadísticas de respuestas

#Ciudad% Correcto
12.3 MNueva York
99%
5.55 MLos Angeles
96%
7.60 MMiami
92%
3.52 MSan Francisco
84%
2.02 MWashington D.C.
82%
6.77 MLas Vegas
71%
4.98 MOrlando
58%
2.48 MHonolulu
33%

Distribución de puntuación

Porcentaje por número respondido

Porcentaje de gente con cada puntuación

Historial de tus puntuaciones

No has tomado esta prueba